000 01251nac a22003737a 4500
001 BR0600152
003 BR-BrBNA
005 20240105123237.0
008 230509b bl.|||m| |||| 00| 0 por d
040 _aBR-BrBNA
_bpor
_cBiblioteca Nacional de Agricultura
072 _aF30
090 _a2140 BR0600152
100 1 _aSturion, J.A.
100 1 _aCorrea, G.
100 1 _aResende, M.D.V. de
100 1 _aCardozo Júnior, E.L.
100 1 _aDonaduzzi, C.M.
110 1 _aEMBRAPA Florestas, Colombo, PR (Brasil)
245 1 _aControle genético dos teores de polifenois totais, taninos e cafeína em progênies de erva-mate (Ilex paraguariensis St. Hil.)cultivadas em três classes de solos
260 3 _aColombo, PR (Brasil):
_c2004.
300 _a16 p.
490 _aBoletim de Pesquisa e Desenvolvimento - EMBRAPA Florestas (Brazil)
_vno. 16
_xISSN 1676-9449
500 _aSummaries (En, Pt); 12 ref.
650 _aMATE
650 _aVARIAÇÃO GENÉTICA
650 _aTANINO
650 _aCAFEÍNA
650 _aSELEÇÃO GENÉTICA
650 _aCLASSIFICAÇÃO DO SOLO
650 _aANÁLISE QUÍMICA
650 _aCOMPOSIÇÃO QUÍMICA
909 _a202312
_bLúcia Elande
_c55
_dLúcia Elande
942 _2AGRIS
_n0
_cMS
999 _c294595
_d294595